000
00332nam a22001337a 4500
020
_a
969350867-x
040
_c
Nust
082
_a
891.4393
_b
BAN
100
_a
Bano Qudsia
245
_a
توجہ کی طالب
260
_a
Lahore:
_b
Sang e meel publications,
_c
1999.
650
_a
توجہ کی طالب
_9
127488
942
_2
ddc
_c
BK
999
_c
612602
_d
612602